<?xml version="1.0" encoding="UTF-8"?>
<record
    xmlns:xsi="http://www.w3.org/2001/XMLSchema-instance"
    xsi:schemaLocation="http://www.loc.gov/MARC21/slim http://www.loc.gov/standards/marcxml/schema/MARC21slim.xsd"
    xmlns="http://www.loc.gov/MARC21/slim">

  <leader>00504nam a22001337a 4500</leader>
  <datafield tag="040" ind1=" " ind2=" ">
    <subfield code="c">RUA</subfield>
  </datafield>
  <datafield tag="082" ind1=" " ind2=" ">
    <subfield code="a">AGI NGU 2015 B512 Or.1</subfield>
  </datafield>
  <datafield tag="100" ind1=" " ind2=" ">
    <subfield code="a">NGUON VANNANG; &#x1784;&#x17BD;&#x1793; &#x179C;&#x178E;&#x17D2;&#x178E;&#x17B6;&#x1784;</subfield>
  </datafield>
  <datafield tag="245" ind1=" " ind2=" ">
    <subfield code="a">Effects of aloevera on the wintermel on juice drink. &#x17A5;&#x1791;&#x17D2;&#x1792;&#x17B7;&#x1796;&#x179B;&#x179F;&#x17B6;&#x1785;&#x17CB;&#x1794;&#x17D2;&#x179A;&#x1791;&#x17B6;&#x179B;&#x1780;&#x1793;&#x17D2;&#x1791;&#x17BB;&#x1799;&#x1780;&#x17D2;&#x179A;&#x1796;&#x17BE;&#x1791;&#x17C5;&#x179B;&#x17BE;&#x1797;&#x17C1;&#x179F;&#x1787;&#x17D2;&#x1787;&#x17C8;&#x1791;&#x17B9;&#x1780;&#x178F;&#x17D2;&#x179A;&#x179B;&#x17B6;&#x1785;</subfield>
  </datafield>
  <datafield tag="260" ind1=" " ind2=" ">
    <subfield code="a">RUA</subfield>
    <subfield code="b">NGU</subfield>
    <subfield code="c">2015</subfield>
  </datafield>
  <datafield tag="300" ind1=" " ind2=" ">
    <subfield code="a">ix,40p.</subfield>
    <subfield code="b">ill.</subfield>
    <subfield code="c">29cm.</subfield>
  </datafield>
  <datafield tag="856" ind1=" " ind2=" ">
    <subfield code="u">NGUON VANNANG</subfield>
  </datafield>
  <datafield tag="942" ind1=" " ind2=" ">
    <subfield code="c">AGI</subfield>
  </datafield>
  <datafield tag="999" ind1=" " ind2=" ">
    <subfield code="c">8996</subfield>
    <subfield code="d">8996</subfield>
  </datafield>
  <datafield tag="952" ind1=" " ind2=" ">
    <subfield code="0">0</subfield>
    <subfield code="1">0</subfield>
    <subfield code="2">ddc</subfield>
    <subfield code="4">0</subfield>
    <subfield code="6">AGI_NGU_2015_000000000000000_B512_OR_1</subfield>
    <subfield code="7">0</subfield>
    <subfield code="9">50431</subfield>
    <subfield code="a">LBB</subfield>
    <subfield code="b">LBB</subfield>
    <subfield code="c">B512</subfield>
    <subfield code="d">2016-08-22</subfield>
    <subfield code="l">1</subfield>
    <subfield code="m">1</subfield>
    <subfield code="o">AGI NGU 2015 B512 Or.1</subfield>
    <subfield code="p">RUA060998</subfield>
    <subfield code="r">2019-11-19</subfield>
    <subfield code="s">2019-10-21</subfield>
    <subfield code="w">2016-08-22</subfield>
    <subfield code="y">AGI</subfield>
  </datafield>
  <datafield tag="952" ind1=" " ind2=" ">
    <subfield code="0">0</subfield>
    <subfield code="1">0</subfield>
    <subfield code="2">ddc</subfield>
    <subfield code="4">0</subfield>
    <subfield code="6">AGI_NGU_2015_000000000000000_B512_OR_2</subfield>
    <subfield code="7">0</subfield>
    <subfield code="9">50432</subfield>
    <subfield code="a">LBB</subfield>
    <subfield code="b">LBB</subfield>
    <subfield code="c">B512</subfield>
    <subfield code="d">2016-08-22</subfield>
    <subfield code="l">1</subfield>
    <subfield code="m">1</subfield>
    <subfield code="o">AGI NGU 2015 B512 Or.2</subfield>
    <subfield code="p">RUA060966</subfield>
    <subfield code="r">2019-01-18</subfield>
    <subfield code="s">2018-12-18</subfield>
    <subfield code="w">2016-08-22</subfield>
    <subfield code="y">AGI</subfield>
  </datafield>
  <datafield tag="952" ind1=" " ind2=" ">
    <subfield code="0">0</subfield>
    <subfield code="1">0</subfield>
    <subfield code="2">ddc</subfield>
    <subfield code="4">0</subfield>
    <subfield code="6">AGI_NGU_2015_000000000000000_B512_OR_3</subfield>
    <subfield code="7">0</subfield>
    <subfield code="9">50433</subfield>
    <subfield code="a">LBB</subfield>
    <subfield code="b">LBB</subfield>
    <subfield code="c">B512</subfield>
    <subfield code="d">2016-08-22</subfield>
    <subfield code="l">2</subfield>
    <subfield code="o">AGI NGU 2015 B512 Or.3</subfield>
    <subfield code="p">RUA061026</subfield>
    <subfield code="r">2018-06-06</subfield>
    <subfield code="s">2018-05-18</subfield>
    <subfield code="w">2016-08-22</subfield>
    <subfield code="y">AGI</subfield>
  </datafield>
  <datafield tag="952" ind1=" " ind2=" ">
    <subfield code="0">0</subfield>
    <subfield code="1">0</subfield>
    <subfield code="2">ddc</subfield>
    <subfield code="4">0</subfield>
    <subfield code="6">AGI_NGU_2015_000000000000000_B512_OR_4</subfield>
    <subfield code="7">0</subfield>
    <subfield code="9">50434</subfield>
    <subfield code="a">LBB</subfield>
    <subfield code="b">LBB</subfield>
    <subfield code="c">B512</subfield>
    <subfield code="d">2016-08-22</subfield>
    <subfield code="o">AGI NGU 2015 B512 Or.4</subfield>
    <subfield code="p">RUA061041</subfield>
    <subfield code="r">2016-08-22</subfield>
    <subfield code="w">2016-08-22</subfield>
    <subfield code="y">AGI</subfield>
  </datafield>
  <datafield tag="952" ind1=" " ind2=" ">
    <subfield code="0">0</subfield>
    <subfield code="1">0</subfield>
    <subfield code="2">ddc</subfield>
    <subfield code="4">0</subfield>
    <subfield code="6">AGI_NGU_2015_000000000000000_B512_OR_5</subfield>
    <subfield code="7">0</subfield>
    <subfield code="9">50435</subfield>
    <subfield code="a">LBB</subfield>
    <subfield code="b">LBB</subfield>
    <subfield code="c">B512</subfield>
    <subfield code="d">2016-08-22</subfield>
    <subfield code="o">AGI NGU 2015 B512 Or.5</subfield>
    <subfield code="p">RUA059993</subfield>
    <subfield code="r">2016-08-22</subfield>
    <subfield code="w">2016-08-22</subfield>
    <subfield code="y">AGI</subfield>
  </datafield>
  <datafield tag="952" ind1=" " ind2=" ">
    <subfield code="0">0</subfield>
    <subfield code="1">0</subfield>
    <subfield code="2">ddc</subfield>
    <subfield code="4">0</subfield>
    <subfield code="6">AGI_NGU_2015_000000000000000_B512_OR_6</subfield>
    <subfield code="7">0</subfield>
    <subfield code="9">50436</subfield>
    <subfield code="a">LBB</subfield>
    <subfield code="b">LBB</subfield>
    <subfield code="c">B512</subfield>
    <subfield code="d">2016-08-22</subfield>
    <subfield code="l">1</subfield>
    <subfield code="o">AGI NGU 2015 B512 Or.6</subfield>
    <subfield code="p">RUA061207</subfield>
    <subfield code="r">2020-01-28</subfield>
    <subfield code="s">2020-01-22</subfield>
    <subfield code="w">2016-08-22</subfield>
    <subfield code="y">AGI</subfield>
  </datafield>
  <datafield tag="952" ind1=" " ind2=" ">
    <subfield code="0">0</subfield>
    <subfield code="1">0</subfield>
    <subfield code="2">ddc</subfield>
    <subfield code="4">0</subfield>
    <subfield code="6">AGI_NGU_2015_000000000000000_B512_OR_7</subfield>
    <subfield code="7">0</subfield>
    <subfield code="9">50437</subfield>
    <subfield code="a">LBB</subfield>
    <subfield code="b">LBB</subfield>
    <subfield code="c">B512</subfield>
    <subfield code="d">2016-08-22</subfield>
    <subfield code="l">2</subfield>
    <subfield code="o">AGI NGU 2015 B512 Or.7</subfield>
    <subfield code="p">RUA060246</subfield>
    <subfield code="r">2023-08-08</subfield>
    <subfield code="s">2023-07-05</subfield>
    <subfield code="w">2016-08-22</subfield>
    <subfield code="y">AGI</subfield>
  </datafield>
  <datafield tag="952" ind1=" " ind2=" ">
    <subfield code="0">0</subfield>
    <subfield code="1">0</subfield>
    <subfield code="2">ddc</subfield>
    <subfield code="4">0</subfield>
    <subfield code="6">AGI_NGU_2015_000000000000000_B512_OR_8</subfield>
    <subfield code="7">0</subfield>
    <subfield code="9">50438</subfield>
    <subfield code="a">LBB</subfield>
    <subfield code="b">LBB</subfield>
    <subfield code="c">B512</subfield>
    <subfield code="d">2016-08-22</subfield>
    <subfield code="o">AGI NGU 2015 B512 Or.8</subfield>
    <subfield code="p">RUA061257</subfield>
    <subfield code="r">2016-08-22</subfield>
    <subfield code="w">2016-08-22</subfield>
    <subfield code="y">AGI</subfield>
  </datafield>
</record>
